000 00648nam a22002417a 4500
003 UA-OsUOA
001 85876
007 ta
008 20120719b un ||||| |||| 00| 0 ukr d
100 _aКищак С.
090 _a7.021.7
_bК46
942 _cBK
040 _aUA-OsUOA
_bukr
_cUA-OsUOA
_dUA-OsUOA
245 _aКорені лемківської різьби
_bкнига-альбом
300 _a152 с.
955 _a4
041 _aukr
080 _a7.021.7
020 _a966-561-313-8
260 _aЛьвів
_bСвічадо
_c2003
650 7 _a7.0 Загальні питання мистецтва
_2UDC
999 _c372173
_d372173